000 00562 a2200205 4500
005 20260116160112.0
008 260114b |||||||| |||| 00| 0 eng d
020 _a9781032590578
_c£ 35.99
040 _aMAIN
082 _a613.62
_bR252P(4)
100 _aReed, Sue, ed.
245 _aPrinciples of occupational health and hygiene: An introduction
250 _a4th
260 _bCRC Press
_aBoca Raton
_c2025
300 _axxxiii, 504
650 _aOccupational Health
650 _aIndustrial Hygiene
650 _aIndustrial Safety
942 _cBK
999 _c393332
_d393332